000
00363cam a2200169ua 4500
020
_c
1.00
041
_a
mal
_h
082
_a
894.812301
_b
ROB/VE
100
_a
Robert, A S .
245
_a
Vellikkappu /
_c
A S Robert.
_h
Textual Documents
250
_a
1 /
_b
.
300
_a
98 ; .
365
_a
1.00
504
_a
942
_c
BK
999
_c
12770
_d
12770